[Event "Cheliabinsk Panchenko Memorial 1st"]
[Site "Cheliabinsk"]
[Date "2009.10.11"]
[Round "7"]
[White "Monakhov, Yuri"]
[Black "Pleshakov, Kirill"]
[Result "0-1"]
[WhiteElo "2157"]
[BlackElo "1964"]
[PlyCount "103"]
[EventDate "2009.10.06"]
[EventType "swiss"]
[EventRounds "9"]
[EventCountry "RUS"]
[SourceTitle "EXT 2010"]
[Source "ChessBase"]
[SourceDate "2010.11.25"]
[SourceVersion "1"]
[SourceVersionDate "2010.11.25"]
[SourceQuality "1"]

1. Nf3 e6 2. c4 d5 3. g3 Nf6 4. Bg2 Nbd7 5. b3 c6 6. Bb2 Be7 7. 0-0 0-0 8. d3 Qc7 9. Nbd2 e5 10. cxd5 cxd5 11. Rc1 Qb8 12. Qc2 b6 13. d4 e4 14. Ne5 Nxe5 15. dxe5 Ng4 16. Nxe4 dxe4 17. Qxe4 Be6 18. h3 Nh6 19. g4 Qe8 20. f4 Rd8 21. Rfd1 Bc8 22. f5 Bg5 23. e3 Qb5 24. Bf1 Rxd1 25. Rxd1 Qc5 26. Bd4 Qc7 27. Bg2 Bd7 28. Bb2 Re8 29. Qd4 Bc8 30. Bd5 Bxf5 31. Rc1 Qd7 32. Bc6 Qxd4 33. Bxd4 Rd8 34. gxf5 Nxf5 35. Re1 g6 36. Bb5 h5 37. Bc4 Nxd4 38. exd4 Rxd4 39. e6 fxe6 40. Rxe6 Kg7 41. Rc6 Rd1+ 42. Kg2 Rd2+ 43. Kf3 Rxa2 44. Bd3 Be7 45. Rxg6+ Kf7 46. Rc6 Rb2 47. Bc4+ Ke8 48. Rc7 a6 49. Rb7 b5 50. Be6 Bc5 51. Ke4 Rd2 52. Kf5 0-1

[Event "Cheliabinsk Panchenko Memorial 1st"]
[Site "Cheliabinsk"]
[Date "2009.10.10"]
[Round "6"]
[White "Matsenko, Vadim"]
[Black "Monakhov, Yuri"]
[Result "1/2-1/2"]
[WhiteElo "2107"]
[BlackElo "2157"]
[PlyCount "59"]
[EventDate "2009.10.06"]
[EventType "swiss"]
[EventRounds "9"]
[EventCountry "RUS"]
[SourceTitle "EXT 2010"]
[Source "ChessBase"]
[SourceDate "2010.11.25"]
[SourceVersion "1"]
[SourceVersionDate "2010.11.25"]
[SourceQuality "1"]

1. e4 e6 2. d4 d5 3. Nd2 Be7 4. Bd3 c5 5. c3 cxd4 6. cxd4 dxe4 7. Nxe4 Nf6 8. Nf3 Nc6 9. 0-0 0-0 10. Nc3 b6 11. a3 Bb7 12. Bc2 Rc8 13. Qd3 Qd6 14. Bg5 g6 15. Nb5 Qb8 16. Rfe1 a6 17. Nc3 Rfd8 18. h3 b5 19. Qe3 b4 20. axb4 Nxb4 21. Bb3 Nbd5 22. Bxd5 Bxd5 23. Bxf6 Bxf6 24. Nxd5 Rxd5 25. Rxa6 Qxb2 26. Rxe6 Bxd4 27. Re8+ Rxe8 28. Qxe8+ Kg7 29. Nxd4 Qxd4 30. Rb1 1/2-1/2

[Event "Cheliabinsk Panchenko Memorial 1st"]
[Site "Cheliabinsk"]
[Date "2009.10.07"]
[Round "2"]
[White "Kozyak, Maria"]
[Black "Monakhov, Yuri"]
[Result "0-1"]
[WhiteElo "1762"]
[BlackElo "2157"]
[PlyCount "68"]
[EventDate "2009.10.06"]
[EventType "swiss"]
[EventRounds "9"]
[EventCountry "RUS"]
[SourceTitle "EXT 2010"]
[Source "ChessBase"]
[SourceDate "2010.11.25"]
[SourceVersion "1"]
[SourceVersionDate "2010.11.25"]
[SourceQuality "1"]

1. d4 Nf6 2. c4 e6 3. Nc3 Bb4 4. Bd2 b6 5. Nf3 Bb7 6. e3 0-0 7. Be2 d5 8. cxd5 exd5 9. 0-0 Nbd7 10. a3 Be7 11. b4 a5 12. b5 Bd6 13. h3 Qe7 14. a4 Ne4 15. Rc1 f5 16. Qb3 Qe6 17. Bd3 Kh8 18. Bxe4 fxe4 19. Ne1 Rf6 20. Ne2 g5 21. f3 Raf8 22. f4 g4 23. h4 g3 24. Nc2 Qg4 25. Rfe1 Qxh4 26. Kf1 Rh6 27. Ng1 Qh1 28. Re2 Nf6 29. Be1 Rg8 30. Na3 Rh2 31. Nb1 Rg6 32. Nd2 Qxg1+ 33. Kxg1 Rgh6 34. Bxg3 Rh1+ 0-1

[Event "Cheliabinsk Kibizov Memorial 4th"]
[Site "Cheliabinsk"]
[Date "2009.06.29"]
[Round "9"]
[White "Eryshkanova, Anastasiya"]
[Black "Monakhov, Yuri"]
[Result "1-0"]
[WhiteElo "2061"]
[BlackElo "2146"]
[PlyCount "79"]
[EventDate "2009.06.21"]
[EventType "swiss"]
[EventRounds "9"]
[EventCountry "RUS"]
[SourceTitle "EXT 2012"]
[Source "ChessBase"]
[SourceDate "2011.11.24"]
[SourceVersion "1"]
[SourceVersionDate "2011.11.24"]
[SourceQuality "1"]

1. e4 c5 2. Nf3 e6 3. d4 cxd4 4. Nxd4 a6 5. Bd3 Qc7 6. Qe2 d6 7. c4 Nf6 8. 0-0 g6 9. Nc3 Bg7 10. h3 0-0 11. Be3 Nbd7 12. Nf3 b6 13. Rac1 Bb7 14. b4 Rac8 15. Rfd1 Rfd8 16. a3 Qb8 17. Bf4 Nh5 18. Bg5 Bf6 19. Be3 Ba8 20. Qa2 Ne5 21. Be2 Nxf3+ 22. Bxf3 Be5 23. Na4 b5 24. cxb5 axb5 25. Nb6 Rxc1 26. Rxc1 Bb7 27. Qe2 Nf6 28. Qxb5 Bxe4 29. Bxe4 Nxe4 30. Qc6 d5 31. Nd7 Bh2+ 32. Kf1 Qa8 33. Qxa8 Rxa8 34. Bh6 Bd6 35. Rc6 f5 36. f3 Rd8 37. Nb6 Ng3+ 38. Kf2 f4 39. Bg5 Rf8 40. Rxd6 1-0

[Event "Cheliabinsk Kibizov Memorial 4th"]
[Site "Cheliabinsk"]
[Date "2009.06.28"]
[Round "8"]
[White "Monakhov, Yuri"]
[Black "Tangatarov, Timur"]
[Result "1/2-1/2"]
[WhiteElo "2146"]
[BlackElo "2127"]
[PlyCount "208"]
[EventDate "2009.06.21"]
[EventType "swiss"]
[EventRounds "9"]
[EventCountry "RUS"]
[SourceTitle "EXT 2012"]
[Source "ChessBase"]
[SourceDate "2011.11.24"]
[SourceVersion "1"]
[SourceVersionDate "2011.11.24"]
[SourceQuality "1"]

1. Nf3 Nf6 2. c4 c6 3. g3 d5 4. b3 Bg4 5. Bg2 Nbd7 6. Bb2 e6 7. 0-0 Bd6 8. d3 0-0 9. Nbd2 e5 10. Qc2 Re8 11. cxd5 cxd5 12. Rac1 Rc8 13. Qb1 Qe7 14. e4 d4 15. Nc4 Bc5 16. a4 a6 17. a5 Bxf3 18. Bxf3 Bb4 19. Be2 Qd8 20. Qa2 Rc5 21. f4 Re6 22. Rf2 Bxa5 23. Ba3 Rcc6 24. f5 Re8 25. Nd6 Rxc1+ 26. Bxc1 Rf8 27. Ba3 Qc7 28. Nxb7 Rb8 29. Bd6 Qxb7 30. Qxa5 Rc8 31. b4 Qb5 32. Bf1 Ne8 33. Be7 Nb8 34. Ra2 Qxa5 35. bxa5 Nc6 36. Bc5 Nc7 37. Bb6 Nb5 38. f6 Nc3 39. Rf2 Nb4 40. fxg7 Nd1 41. Rf5 Ne3 42. Rxe5 f6 43. Rc5 Rxc5 44. Bxc5 Nc6 45. Bb6 Kxg7 46. Bh3 Nc2 47. Kf2 Kf7 48. Bc8 N6b4 49. Ke2 Ke7 50. h4 Kd6 51. Bb7 Ke5 52. Bc7+ Ke6 53. g4 Na3 54. Bb6 Nb5 55. Bc5 Nc3+ 56. Kf3 Nxd3 57. Bxd4 Nb5 58. Bb6 Ne5+ 59. Kg3 Nd6 60. Bxa6 Nxe4+ 61. Kf4 Nd6 62. h5 Nc6 63. Bd3 h6 64. a6 Nb4 65. Bf5+ Nxf5 66. gxf5+ Kf7 67. Ke4 Nxa6 68. Be3 Kg7 69. Kd5 Nb4+ 70. Ke6 Nc2 71. Bf2 Nb4 72. Bd4 Nd3 73. Bxf6+ Kf8 74. Be5 Nc5+ 75. Kd5 Nd7 76. Bd4 Kf7 77. Ke4 Ke7 78. Kf4 Kf7 79. Kg4 Nf8 80. Be3 Kg7 81. Bd4+ Kf7 82. Bb2 Nd7 83. Kf4 Nc5 84. Be5 Nd3+ 85. Ke4 Nc5+ 86. Kd4 Nd7 87. Kd5 Ke7 88. Bg7 Kf7 89. Bd4 Ke7 90. Ke4 Kf7 91. Kf4 Ke7 92. Bg7 Kf7 93. Bxh6 Nf6 94. Kg5 Ne4+ 95. Kh4 Kf6 96. Kg4 Nf2+ 97. Kf4 Nd3+ 98. Ke4 Nf2+ 99. Kf4 Nd3+ 100. Kg4 Nf2+ 101. Kf4 Nd3+ 102. Ke4 Nf2+ 103. Kf3 Kxf5 104. Kxf2 Kg4 1/2-1/2

[Event "Cheliabinsk Kibizov Memorial 4th"]
[Site "Cheliabinsk"]
[Date "2009.06.25"]
[Round "5"]
[White "Monakhov, Yuri"]
[Black "Safronov, Sergey"]
[Result "1/2-1/2"]
[WhiteElo "2146"]
[BlackElo "2234"]
[PlyCount "123"]
[EventDate "2009.06.21"]
[EventType "swiss"]
[EventRounds "9"]
[EventCountry "RUS"]
[SourceTitle "EXT 2012"]
[Source "ChessBase"]
[SourceDate "2011.11.24"]
[SourceVersion "1"]
[SourceVersionDate "2011.11.24"]
[SourceQuality "1"]

1. d4 d5 2. c4 c6 3. Nf3 Nf6 4. Nc3 g6 5. Bf4 Bg7 6. e3 0-0 7. h3 Nbd7 8. cxd5 cxd5 9. Qb3 Qb6 10. Be2 Qxb3 11. axb3 Nb6 12. 0-0 Bf5 13. g4 Bc2 14. Ra3 h6 15. Rc1 Be4 16. Ne5 g5 17. Bg3 Rfc8 18. f3 Bh7 19. Rca1 a6 20. b4 Ne8 21. b5 f6 22. bxa6 bxa6 23. Rb3 fxe5 24. Rxb6 exd4 25. Nxd5 Rc2 26. Bd1 Rc5 27. e4 Kf8 28. Nb4 Bg8 29. Nd3 Rcc8 30. Bb3 Bxb3 31. Rxb3 Rc2 32. Rb8 Rxb8 33. Bxb8 Rd2 34. Ra3 Nd6 35. Bxd6 exd6 36. Kf1 Be5 37. Nxe5 dxe5 38. Rxa6 Rxb2 39. Ra5 d3 40. Rd5 Kf7 41. Rxd3 Rh2 42. Kg1 Rxh3 43. Kg2 Rh4 44. Rd5 Ke6 45. Rd8 Ke7 46. Rh8 Kf7 47. Ra8 Ke7 48. Ra6 Kf7 49. Kf2 Rh2+ 50. Ke3 Rh3 51. Rb6 h5 52. Rb7+ Ke6 53. Rb6+ Ke7 54. Rb7+ Kd6 55. Rh7 hxg4 56. Rxh3 gxh3 57. Kf2 Ke6 58. Kg3 Kf6 59. Kxh3 Kf7 60. Kg3 Kg7 61. Kh3 Kf7 62. Kg3 1/2-1/2

[Event "RUS-ch sf"]
[Site "Orsk"]
[Date "2000.??.??"]
[Round "9"]
[White "Akhmetov, Artiom"]
[Black "Monakhov, Yuri"]
[Result "1-0"]
[WhiteElo "2438"]
[BlackElo "2185"]
[PlyCount "141"]
[EventDate "2000.??.??"]
[EventType "swiss"]
[EventRounds "11"]
[EventCountry "RUS"]
[SourceTitle "EXT 2001"]
[Source "ChessBase"]
[SourceDate "2000.11.22"]
[SourceVersion "1"]
[SourceVersionDate "2000.11.22"]
[SourceQuality "1"]

1. d4 Nf6 2. c4 e6 3. Nc3 Bb4 4. e3 c5 5. Bd3 Nc6 6. Nge2 d5 7. a3 cxd4 8. axb4 dxc3 9. bxc3 dxc4 10. Bxc4 Qc7 11. Bb3 0-0 12. 0-0 Rd8 13. Qc2 b6 14. e4 Bb7 15. Bf4 Qe7 16. f3 a5 17. Be3 Nd7 18. b5 Nce5 19. Rfd1 Nc5 20. Rd4 Rac8 21. Ba2 g5 22. Rad1 Kh8 23. Rxd8+ Rxd8 24. Rxd8+ Qxd8 25. Qd2 Qxd2 26. Bxd2 f6 27. Nd4 Bc8 28. Nc2 Kg7 29. Kf2 Kf8 30. Na3 Ke7 31. Ke2 Kd8 32. Be3 Kc7 33. Bd4 Bd7 34. g3 Be8 35. Bxc5 bxc5 36. Bxe6 Bh5 37. g4 Be8 38. Ke3 Kb6 39. c4 Kc7 40. h3 Kd6 41. Bg8 h5 42. gxh5 Bxh5 43. f4 gxf4+ 44. Kxf4 Ng6+ 45. Ke3 Ne7 46. Bd5 Nc8 47. Kf4 Nb6 48. Kf5 Ke7 49. e5 fxe5 50. Kxe5 a4 51. h4 Be2 52. Be6 Bh5 53. Bg8 Be2 54. Kf4 Kf6 55. Bd5 Ke7 56. Ke3 Bh5 57. Bf3 Bf7 58. Be2 Kd6 59. Kf4 Kc7 60. h5 Nd7 61. h6 Bg8 62. Bg4 Nf6 63. Bf5 Kb6 64. Ke5 Ne8 65. h7 Bxh7 66. Bxh7 Ka5 67. Bg6 Nc7 68. Kd6 Kb6 69. Bc2 Ne8+ 70. Ke7 Nc7 71. Bxa4 1-0